Beyond Profitability: Behavioural and Sustainability Dimensions in Corporate Financial Management

Enregistré dans:
Détails bibliographiques
Auteur principal: Krištofík, Peter
Autres auteurs: Šlampiaková, Lea, 1992-
Format: Chapitre de livre
Langue:anglais
Sujets:
Tags: Ajouter un tag
Pas de tags, Soyez le premier à ajouter un tag!

MARC

LEADER 00000naa$a2200000$$$4500
001 0311309
005 20250626084533.0
041 0 |a eng 
044 |a PL 
245 1 0 |a Beyond Profitability: Behavioural and Sustainability Dimensions in Corporate Financial Management  |c Peter Krištofík, Lea Šlampiaková 
500 |a Abstrakt 
610 2 0 |a riadenie finančné 
610 2 0 |a zisk 
610 2 0 |a ekonómia behaviorálna 
610 2 0 |a ESG 
610 2 0 |a blahobyt 
100 1 |a Krištofík, Peter 
700 1 |a Šlampiaková, Lea, 1992-